| 000 | 00682nam a2200205 a 4500 | ||
|---|---|---|---|
| 005 | 20240418063726.0 | ||
| 008 | 080429s1988 es r 000 0 spa d | ||
| 020 | _a8477222215 | ||
| 035 | _aUPN01000155682 | ||
| 049 | _aI | ||
| 050 | 4 |
_aPZ8.2 _bM6.28 |
|
| 100 | 1 |
_aMontgomery, Raymond Almiran, _d1936-2014 _929373 |
|
| 245 | 1 | 3 |
_aEl árbol de navidad / _cR. A. Montgomery, Shannon Gilligan ; tr. Celia Filipeto. |
| 260 |
_aBarcelona [Esp.] : _bTimun Mas, _c1988. |
||
| 300 |
_a48 p. : _bil. |
||
| 440 | 0 |
_aElige tu propia aventura. _pGlobo azul ; _v31 |
|
| 650 | 0 |
_aAventuras y aventureros _vLiteratura juvenil _911236 |
|
| 700 | 1 |
_aGilligan, Shannon, _ecoaut. |
|
| 905 | _aInfantil | ||
| 999 |
_c127796 _d127796 |
||